| 000 | 00791nam a22002297a 4500 | ||
|---|---|---|---|
| 999 |
_c13234 _d13234 |
||
| 003 | AR-CdUCM | ||
| 008 | 190411b ||||| |||| 00| 0 spa d | ||
| 040 |
_aMUNICIPALIDAD PROVINCIAL DEL CUSCO _cBIBLIOTECA MUNICIPAL DEL CUSCO |
||
| 082 |
_aC / 341.8 / _bH71 |
||
| 100 |
_aHolgado Valer, Enrique _931528 |
||
| 245 | _aIndice concordado de ejecutorias supremas / | ||
| 260 |
_aCuzco : _bGarcilaso, _c1959. |
||
| 300 |
_a356 páginas ; _c22 cm. |
||
| 505 | _aContenido : Abandono -- Alimentos -- Alimentario -- Contratos -- Cheques -- División y partición de bienes. | ||
| 650 |
_aDerecho _9739 |
||
| 650 |
_aContratos _98317 |
||
| 650 |
_aImpuestos _9381 |
||
| 650 |
_aMinisterio fiscal _931529 |
||
| 650 |
_aPoder judicial _96955 |
||
| 942 |
_2ddc _cLIBROS |
||
| 945 |
_awnts _d2019-04-11 |
||